Geologic map of the Beaver Creek Wilderness, McCreary County, Kentucky /

Bibliographic Details
Main Author: Englund, Kenneth John, 1923-
Corporate Author: Geological Survey (U.S.)
Other Authors: Teaford, Nancy K.
Format: Government Document Map
Language:English
Published: Reston, Va. : The Survey, 1981.
Series:Miscellaneous field studies ; map MF-1348-A.
Subjects:

MARC

Tag First Indicator Second Indicator Subfields
LEADER 00000cem a2200000Ia 4500
001 in00002535310
005 20151113131839.0
007 aj aanzn
008 820503s1981 vauag a f 0 eng d
034 0 |a a  |d W0860000  |e W0840000  |f N0370500  |g N0364000 
035 |a (OCoLC)ocm08391216 
035 |a (OCoLC)8391216 
040 |a GIS  |c GIS  |d COP  |d OCLCQ  |d OCLCG  |d UtOrBLW 
043 |a n-us-ky 
049 |a TXAM 
050 4 |a G3701.C5 svar  |b .U53 MF-1348-A 
052 |a 3953  |b M23 
074 |a 0619-G-11 
086 0 |a I 19.113:MF-1348-A 
100 1 |a Englund, Kenneth John,  |d 1923- 
245 1 0 |a Geologic map of the Beaver Creek Wilderness, McCreary County, Kentucky /  |c by Kenneth J. Englund and Nancy K. Teaford ; Department of the Interior, United States Geological Survey. 
246 3 0 |a Beaver Creek Wilderness, McCreary County, Kentucky 
246 1 |i Envelope title:  |a Geologic map, Beaver Creek Wilderness, Ky 
255 |a Scales differ  |c (W 86⁰00ʹ--W 84⁰00ʹ/N 37⁰05ʹ--N 36⁰40ʹ). 
264 1 |a Reston, Va. :  |b The Survey,  |c 1981. 
300 |a 3 maps on 1 sheet ;  |c 27 x 23 cm. or smaller, sheet 79 x 61 cm., folded in envelope 25 x 32 cm. 
336 |a cartographic image  |b cri  |2 rdacontent 
337 |a unmediated  |b n  |2 rdamedia 
338 |a sheet  |b nb  |2 rdacarrier 
490 1 |a Miscellaneous field studies / Department of the Interior, United States Geological Survey ;  |v MF-1348-A 
500 |a Relief shown by contours and spot heights. 
500 |a Includes text, columnar section, location map, and 2 cross sections. 
504 |a Includes bibliographical references. 
505 0 |a Index map showing location of the Beaver Creek Wilderness -- Geologic map and cross sections of the Beaver Creek Wilderness -- Structure contour map of the Beaver Creek Wilderness and vicinity. 
500 |a Cartographic material. 
650 0 |a Geology  |z Kentucky  |z McCreary County  |v Maps. 
700 1 |a Teaford, Nancy K. 
710 2 |a Geological Survey (U.S.) 
830 0 |a Miscellaneous field studies ;  |v map MF-1348-A. 
994 |a C0  |b TXA 
948 |a cataloged  |b h  |c 2009/12/22  |e mvillare  |f 11:09:57 am 
999 |a MARS 
999 f f |s 38de78e7-14a5-39b2-bd02-145791ff98fb  |i ee62dcf1-e3a5-3d72-aa2c-ac7b42bb334c  |t 0 
952 f f |p normal  |a Texas A&M University  |b College Station  |c Sterling C. Evans Library  |d Evans: Maps File (2nd floor)  |t 0  |e I 19.113:MF-1348-A  |h Superintendent of Documents classification  |i unmediated -- sheet  |m A14837796045 
998 f f |a I 19.113:MF-1348-A  |t 0  |l Evans: Maps File (2nd floor)